Word Ladder: Canadian Threesome Quiz Stats

 Plays Quiz Updated Jul 29, 2018

Challenge
Share
Tweet
Embed
Score 0/32 Timer 04:00
1 Play Today
Clue 4-Letter Word % Correct
Hockey projectilePUCK
97.8%
Kind and pleasantNICE
97.8%
A last minute rusher gets things done in 'the ___ of time'NICK
97.7%
What a vacuum doesSUCK
97.7%
SelectPICK
97.5%
UnhealthySICK
97.4%
A hair infestationLICE
97.3%
A place full of storesMALL
97.2%
Orb needed for most sportsBALL
96.9%
It hides the bride's faceVEIL
96.2%
100 meter dash, e.g.RACE
96.1%
Carrier of blood to the heartVEIN
96%
A job to doTASK
95.9%
A fine fabricLACE
95.8%
A canine pestTICK
95.6%
Class ending soundBELL
95.6%
Clue 4-Letter Word % Correct
One with XY chromosomesMALE
95.6%
A pushpinTACK
95.3%
A large walrus 'tooth'TUSK
95.1%
One under 20 and over 12TEEN
94.4%
Give dinner toFEED
93.4%
Show off your musclesFLEX
93.1%
EscapedFLED
91.7%
An abnormal breathing soundRALE
90.6%
Upset, with 'off'TEED
90.1%
Slang for your bootyTUSH
88.3%
A sea birdTERN
82.1%
Ernest's friend in the moviesVERN
81%
♩Canadian band featuring Peart, Lifeson and Lee♩♩RUSH♩
77.1%
Girl in 'The Old Curiosity Shop'NELL
71.1%
♩Peart of [First Rung]♩♩NEIL♩
70.3%
♩Lifeson of [First Rung]♩♩ALEX♩
58.2%

Today's Daily Dose

Missing Word
New England Movies

Word Ladder
Royal Titles

Get the Picture
Big 4 'B' All-Stars

You're not logged in!

Compare scores with friends on all Sporcle quizzes.
OR
Log In

You Might Also Like...

Show Comments

Extras

Top Quizzes Today


Score Distribution

Your Account Isn't Verified!

In order to create a playlist on Sporcle, you need to verify the email address you used during registration. Go to your Sporcle Settings to finish the process.

Report this User

Report this user for behavior that violates our Community Guidelines.

Details: